Financial Management (Record no. 476583)

MARC details
000 -LEADER
fixed length control field 00498nam a2200193Ia 4500
008 - FIXED-LENGTH DATA ELEMENTS--GENERAL INFORMATION
fixed length control field 100315s9999 xx 000 0 und d
040 ## - CATALOGING SOURCE
Transcribing agency ENGLISH 
082 ## - DEWEY DECIMAL CLASSIFICATION NUMBER
Item number 1848 
100 ## - MAIN ENTRY--PERSONAL NAME
Personal name "Khan, M. Y. "
245 ## - TITLE STATEMENT
Title Financial Management
260 ## - PUBLICATION, DISTRIBUTION, ETC. (IMPRINT)
Place of publication, distribution, etc New Delhi 
Name of publisher, distributor, etc Tata McGrawhill  
Date of publication, distribution, etc 1981 
300 ## - PHYSICAL DESCRIPTION
Extent "xii,1981  "
365 ## - TRADE PRICE
Price note Rupees 
Unit of pricing
Price amount 48.00 
366 ## - TRADE AVAILABILITY INFORMATION
Publishers' discount category
505 ## - FORMATTED CONTENTS NOTE
Miscellaneous information Jaya Nikhade 
630 ## - SUBJECT ADDED ENTRY--UNIFORM TITLE
Uniform title Financial Management
730 ## - ADDED ENTRY--UNIFORM TITLE
Uniform title Financial Management
942 ## - ADDED ENTRY ELEMENTS (KOHA)
Koha item type Book
Holdings
Withdrawn status Lost status Damaged status Not for loan Home library Current library Date acquired Cost, normal purchase price Total Checkouts Full call number Barcode Date last seen Price effective from Koha item type
        Dr. V. N. Bedekar Institute of Management Studies Library Dr. V. N. Bedekar Institute of Management Studies Library 12/25/2008 48.00    /KHA  1848  VPMBRIMS-1848  03/19/2010 03/19/2010 Book